Statistics for RLCS North-America Season 7

Click here to take the quiz!

General Stats

  • This quiz has been taken 29 times
  • The average score is 17 of 24

Answer Stats

HintAnswer% Correct
G2 EsportsChicago
95%
NRG EsportsGarrettG
95%
G2 EsportsJKnaps
95%
NRG Esportsjstn
95%
G2 EsportsRizzo
95%
NRG EsportsFireburner
91%
Cloud 9Gimmick
91%
Cloud 9SquishyMuffinz
86%
Cloud 9Torment
86%
RogueKronovi
82%
RogueAyyJayy
77%
SplyceKarma
77%
RogueWonder
77%
Spacestation GamingSypical
68%
Spacestation GamingAxB
64%
Evil GeniusesKlassux
64%
Ghost GamingLethamyr
59%
Ghost GamingAllushin
55%
Evil GeniusesCorruptedG
50%
Ghost GamingMemory
50%
Evil GeniusesDrippay
45%
SplyceDudeWithTheNose
45%
SplyceJWismont
45%
Spacestation GamingSatthew
45%

Score Distribution

Percentile by Number Answered

Percent of People with Each Score

Your Score History

You have not taken this quiz